[Event "20th Karpov Poikovsky 2019"]
[Site "Poikovsky"]
[Date "2019.06.15"]
[Round "9.5"]
[White "Esipenko, Andrey"]
[Black "Mamedov, Rauf"]
[Result "1-0"]
[WhiteElo "2611"]
[BlackElo "2650"]
[Annotator "TA"]
[PlyCount "74"]
[EventDate "2019.06.06"]
[EventType "tourn"]
[EventCountry "RUS"]
[SourceTitle "playchess.com"]
[Source "ChessBase"]
[SourceQuality "1"]

{[%evp 16,74,16,12,8,0,16,15,31,22,24,0,2,0,28,25,27,29,49,47,48,41,46,46,48,41,43,32,67,52,57,56,52,52,68,48,60,42,56,47,54,56,91,87,224,106,96,84,181,184,247,234,320,318,388,387,381,344,331,331,372]} 1. d4 Nf6 2. Nf3 g6 3. g3 Bg7 4. Bg2 d5 5. O-O O-O 6. c4 c6 7. Nbd2 Bf5 8. b3 a5 9. Bb2 a4 {D78: Fianchetto Grünfeld: 6 0-0 c6} 10. Nh4 Bg4 11. h3 Bc8 $146 {The position is equal.} ({Predecessor:} 11... Be6 12. Nhf3 Bh6 13. e3 Qa5 14. Rc1 Nbd7 15. Ne5 axb3 16. axb3 Qb6 17. g4 {½-½ (44) Bacrot,E (2721)-Morozevich,A (2719) Poikovsky 2014}) 12. e3 b5 13. Ba3 Re8 14. Nhf3 Nbd7 15. cxb5 cxb5 16. Bb4 $36 {[%mdl 2048] White has the initiative.} Bb7 17. Qe2 Qb6 18. Rfc1 axb3 19. axb3 e6 20. Bf1 Bc6 21. Qd1 Bf8 22. Bxf8 Rxf8 23. b4 Rxa1 24. Rxa1 Ne8 25. Nb3 Nd6 26. Nc5 Nc4 27. Ra6 Qc7 28. Qa1 Ndb6 29. h4 Na4 {[#]} (29... Ra8 $16) 30. h5 (30. Bxc4 $1 $18 {is the precise move to win.} dxc4 31. Ne5) 30... gxh5 $16 31. Bd3 h4 (31... h6 $16) 32. Nxh4 $18 (32. gxh4 $6 h6 $16) 32... Nxc5 (32... Qc8 $142 33. Ng2 h6) 33. dxc5 ({Resist} 33. bxc5 $6 Qb7 $16) 33... d4 34. Qxd4 {[#] Strongly threatening Qg4+.} Rd8 35. Rxc6 {Qg4+ would kill now.} Rxd4 36. Rxc7 Rxd3 37. Nf3 Kf8 {Accuracy: White = 61%, Black = 32%.} 1-0